La Criminalité des affaires: aspects sociologiques et psychologiques

Saved in:  
Bibliographic Details
Main Author: Kellens, Georges (Author)
Format: Print Book
Language:French
Published: Strasbourg Conseil de l'Europe 1976
In:Year: 1976
Check availability: HBZ Gateway
Subito Delivery Service: Order now.

MARC

LEADER 00000cam a2200000 c 4500
001 1890219533
003 DE-627
005 20250711102308.0
007 tu
008 240529s1976 xx ||||| 00| ||fre c
035 |a (DE-627)1890219533 
035 |a (DE-599)KXP1890219533 
040 |a DE-627  |b ger  |c DE-627  |e rda 
041 |a fre 
100 1 |a Kellens, Georges  |e VerfasserIn  |4 aut 
109 |a Kellens, Georges  |a Kellens, G.  |a Kellens, George 
245 1 3 |a La Criminalité des affaires  |b aspects sociologiques et psychologiques  |c Georges Kellens 
264 1 |a Strasbourg  |b Conseil de l'Europe  |c 1976 
300 |a iii, 43 Seiten  |b Illustrationen 
336 |a Text  |b txt  |2 rdacontent 
337 |a ohne Hilfsmittel zu benutzen  |b n  |2 rdamedia 
338 |a Band  |b nc  |2 rdacarrier 
583 1 |a Archivierung prüfen  |c 20250503  |f DE-640  |z 1  |2 pdager 
935 |a mkri 
951 |a BO 
ELC |b 1 
LOK |0 000 xxxxxcx a22 zn 4500 
LOK |0 001 4531327195 
LOK |0 003 DE-627 
LOK |0 004 1890219533 
LOK |0 005 20240529105318 
LOK |0 008 240529||||||||||||||||ger||||||| 
LOK |0 040   |a DE-Frei85  |c DE-627  |d DE-Frei85 
LOK |0 852   |a DE-Frei85 
LOK |0 852 1  |m p  |9 00 
LOK |0 935   |a reko 
LOK |0 938   |k p 
LOK |0 939   |a 29-05-24  |b l01 
ORI |a SA-MARC-krimdoka001.raw